Nuclear physics (Record no. 2624)

MARC details
000 -LEADER
fixed length control field 00886nam a2200205Ia 4500
003 - CONTROL NUMBER IDENTIFIER
control field IN-BaIIA
008 - FIXED-LENGTH DATA ELEMENTS--GENERAL INFORMATION
fixed length control field 211028s9999 xx 000 0 eng d
040 ## - CATALOGING SOURCE
Transcribing agency IIA Library
080 ## - UNIVERSAL DECIMAL CLASSIFICATION NUMBER
Universal Decimal Classification number 063:53
Item number ENF-23
111 ## - MAIN ENTRY--MEETING NAME
Meeting name or jurisdiction name as entry element International School of Physics 'Enrico Fermi" Course
Location of meeting Varenna Sul Lago di Como, Villa Monastero
Date of meeting or treaty signing 1961 Aug. 7-26
9 (RLIN) 4660
245 #0 - TITLE STATEMENT
Title Nuclear physics
Remainder of title proceedings of the international school of Physics "Enrico Fermi" course held in Varenna Sul Lago di Como, Villa Monastero, August 7-August 26 1961
Statement of responsibility, etc. edited by Weisskopf V.F.
260 ## - PUBLICATION, DISTRIBUTION, ETC.
Place of publication, distribution, etc. New York
Name of publisher, distributor, etc. Academic Press
Date of publication, distribution, etc. 1963
300 ## - PHYSICAL DESCRIPTION
Extent 186p.
490 ## - SERIES STATEMENT
Series statement Proceedings of the International School of Physics Enrico Fermi Course; v. 23
650 ## - SUBJECT ADDED ENTRY--TOPICAL TERM
Topical term or geographic name entry element Astronomy and Astrophysics thesaurus
650 ## - SUBJECT ADDED ENTRY--TOPICAL TERM
Topical term or geographic name entry element High energy physics
9 (RLIN) 2205
650 ## - SUBJECT ADDED ENTRY--TOPICAL TERM
Topical term or geographic name entry element Nuclear physics
9 (RLIN) 1527
700 ## - ADDED ENTRY--PERSONAL NAME
Personal name Weisskopf, V.F., ed.
9 (RLIN) 3833
942 ## - ADDED ENTRY ELEMENTS (KOHA)
Koha item type Books
Holdings
Withdrawn status Lost status Damaged status Not for loan Home library Current library Shelving location Date acquired Cost, normal purchase price Total Checkouts Full call number Barcode Date last seen Cost, replacement price Price effective from Koha item type Purchase Price
        IIA Library-Bangalore IIA Library-Bangalore General Stacks 30/03/1966 33.75   063:53/ ENF-23 2929 05/11/2021 33.75 30/03/1966 Books Rs. 33.75

Powered by Koha